Babylone
Guardat en:
| Autor principal: | |
|---|---|
| Format: | Llibre |
| Idioma: | francès |
| Publicat: |
París
Presses Universitaires de France
1948
|
| Col·lecció: | Que Sai Je, 292
|
| Matèries: | |
| Etiquetes: |
Afegir etiqueta
Sense etiquetes, Sigues el primer a etiquetar aquest registre!
|
MARC
| LEADER | 00000nam a2200000 a 4500 | ||
|---|---|---|---|
| 001 | UCP8794 | ||
| 003 | CL-VaPUC | ||
| 008 | 000310e19480000FR |||||||||||||||||fre|d | ||
| 082 | 0 | 4 | |a 935.02 |b RUT |2 21 |
| 100 | 0 | |a Rutten, Marguerite |e author |9 439025 | |
| 245 | 1 | 0 | |a Babylone |
| 300 | |a 128 p | ||
| 942 | |c BK | ||
| 945 | |d 20000310 00:00:00 |a rherrera | ||
| 260 | |a París |b Presses Universitaires de France |c 1948 | ||
| 650 | 0 | |a Historia antigua |9 267521 | |
| 650 | 0 | |a Civilizaciones antiguas |9 265998 | |
| 650 | 0 | |a Imperio babilónico |9 438881 | |
| 651 | 0 | |a Mesopotamia |9 314286 | |
| 651 | 7 | |a BABILONIA |2 CL-VaPUC |9 322408 | |
| 583 | |a last modification |c 20000310 00:00:00 |k Rodrigo Vera | ||
| 490 | 0 | |a Que Sai Je, 292 | |
| 999 | |c 285680 |d 285678 | ||
| 952 | |0 0 |1 0 |4 0 |6 935_020000000000000_RUT_1948 |7 0 |8 X |9 330437 |a BIBHIS |b BIBHIS |d 2019-11-20 |i 1394576 |o 935.02 RUT 1948 |p 1394576 |r 2024-01-30 |w 2019-11-20 |y BK_X |k HIS | ||